| 000 | 00483pab a2200169 454500 | ||
|---|---|---|---|
| 008 | 180718b2006 xxu||||| |||| 00| 0 eng d | ||
| 100 | _aGhosal, Ratan Kumar | ||
| 245 | _aDynamics of transformation of the rural workforce structure in West Bengal: 1961-2001 | ||
| 260 | _c2006 | ||
| 300 | _ap.95-114. | ||
| 362 | _aJun | ||
| 650 | _aLabour - India - West Bengal | ||
| 650 | _aLabour - India - West Bengal | ||
| 650 | _aLabour | ||
| 773 | _aMan and Development | ||
| 909 | _a70278 | ||
| 999 |
_c70278 _d70278 |
||